| 000 | 01013nam a2200229Ia 4500 | ||
|---|---|---|---|
| 999 |
_c38092 _d38092 |
||
| 001 | 4080 | ||
| 003 | GE_BSU | ||
| 005 | 20190919161748.0 | ||
| 008 | 181216s1978||||ge |||||||||||||| ||geo|| | ||
| 040 | _cGE_BSU | ||
| 041 | _ageo | ||
| 080 | _a39(479.22) მ-26 | ||
| 100 |
_aგეგეშიძე, მიხეილ _94146 |
||
| 245 |
_aეთნიკური კულტურა და ტრადიციები / _cმიხეილ გეგეშიძე. |
||
| 264 |
_a თბ. : _bმეცნიერება, _c1978. |
||
| 300 |
_a201 გვ. ; _b22 სმ. |
||
| 653 | _aეთნიკური კულტურა | ||
| 653 | _aეთნიკური ტრადიციები | ||
| 653 | _aქართული წეს-ჩვეულებები | ||
| 710 |
_a ივ. ჯავახიშვილის სახ. ისტორიის, არქეოლოგიისა და ეთნოგრაფიის ინ-ტი. _94147 |
||
| 942 |
_cBK _2udc |
||